History of English Language (Record no. 488165)

MARC details
000 -LEADER
fixed length control field 00509nam a2200193Ia 4500
008 - FIXED-LENGTH DATA ELEMENTS--GENERAL INFORMATION
fixed length control field 210417s9999 xx 000 0 und d
020 ## - INTERNATIONAL STANDARD BOOK NUMBER
International Standard Book Number 9788187317401
-- 818731740X
082 ## - DEWEY DECIMAL CLASSIFICATION NUMBER
Classification number 420.9 LAT
Item number 22.420.9 LAT
245 #0 - TITLE STATEMENT
Title History of English Language
Statement of responsibility, etc. History of English Language
250 ## - EDITION STATEMENT
Remainder of edition statement "xix, 809 p : ill. ; 26 cm. ; hbk."
260 ## - PUBLICATION, DISTRIBUTION, ETC.
Place of publication, distribution, etc. New |Delhi
Name of publisher, distributor, etc. Rajat Publications
Date of publication, distribution, etc. 2018
700 ## - ADDED ENTRY--PERSONAL NAME
Personal name NULL
Numeration Rajat Publications (2017)
Holdings
Withdrawn status Lost status Source of classification or shelving scheme Damaged status Not for loan Home library Current library Shelving location Date acquired Full call number Barcode Date last seen Price effective from Koha item type
    Dewey Decimal Classification     Anna Centenary Library Anna Centenary Library 4TH FLOOR, B WING 17.04.2021 420.9 LAT 608456 17.04.2021 17.04.2021 English Books

Find us on the map